"Go ye" means you! and other missionary messages. (Record no. 10192)

000 -LEADER
fixed length control field 00585nam a2200193 a 4500
001 - CONTROL NUMBER
control field :::00007977$&:&@@
003 - CONTROL NUMBER IDENTIFIER
control field OkBaRHE
005 - DATE AND TIME OF LATEST TRANSACTION
control field 20000607103340.0
008 - FIXED-LENGTH DATA ELEMENTS--GENERAL INFORMATION
fixed length control field s1962 j 000 0 eng u
040 ## - CATALOGING SOURCE
Transcribing agency
100 1# - MAIN ENTRY--PERSONAL NAME
Personal name Lewis, Norman.
245 11 - TITLE STATEMENT
Title "Go ye" means you! and other missionary messages.
260 ## - PUBLICATION, DISTRIBUTION, ETC. (IMPRINT)
Place of publication, distribution, etc Chicago, IL., :
Name of publisher, distributor, etc Moody Press
Date of publication, distribution, etc c1962
300 ## - PHYSICAL DESCRIPTION
Extent 128 p. ;
Dimensions 17 cm.
650 ## - SUBJECT ADDED ENTRY--TOPICAL TERM
Topical term or geographic name as entry element Missions
General subdivision Sermons
650 ## - SUBJECT ADDED ENTRY--TOPICAL TERM
Topical term or geographic name as entry element Sermons, American
942 ## - ADDED ENTRY ELEMENTS (KOHA)
Source of classification or shelving scheme
Koha item type Books
Copies
Barcode Copy number Price effective from Not for loan Date acquired Lost status Date last seen Shelving location Full call number Source of classification or shelving scheme Withdrawn status Damaged status Permanent Location Koha item type
797712010-04-14 2010-04-14 2010-04-14General StacksBV 2075 .L391   RHEMA Bible Training CollegeBooks